Statistics for Germany FRG 1949-60 Quiz

Click here to take the quiz!

General Stats

  • This quiz has been taken 6 times
  • The average score is 6 of 23

Answer Stats

HintAnswer% Correct
What year did Adenauer pas the pensions act?1949
67%
In what year did Adenauer's votes peak at 50.2%1957
50%
What year did West Germany join NATO1957
50%
What year did FRG near full employment?1958
50%
Which doctrine denied FRG financial aid to those that recognised the GDR?Hallstein
50%
What year did FRG become the founding member of the ECC1957
33%
how many billion Deutschmarks were sent to Israel in 1952?3
33%
How many of the 49 senior CDU members were Nazis?39
33%
How much Marshall Aid did FRG receive (dollars)?99 million
33%
What was the name of the armed security police set up in 1956?Bundeswehr
33%
Name of act that compensated victims of bombings and Nazi crimes?Equilisation of Burdens
33%
Which 1951 Act allowed former members of Nazi party to be re-employed in the Civil Service?Reinstatement Act
33%
How many Nazis were given amnesty in May 1951150000
17%
How many houses were built as a result of the 1950 Constitution law giving grants to Lander?4,000,000
17%
How many Germans were considered in the "Serious Nazi" category?90,000
17%
Who was nominated as the president of the Parliamentary council that met in Bonn 1949?Adenauer
17%
The effectiveness of policies to remunerate the war poor is demonstrated by which party getting less than 5% of the vote in 1957?BHE
17%
Which 1949 law enabled workers to participate in factory decisions?Collective Bargaining Law
17%
What was the name of the quiz used to determine the extent to which a person was a Nazi?Fragebogen
17%
Which institution did Adenauer declare illegal in 1956KPD
17%
How big was the FRG army by 1950?150,000
0%
Which SPD politician was Adenauer's biggest rival?Schumacher
0%
Who ran foreign affairs in West Germany at the time?The Allies
0%

Score Distribution

Percentile by Number Answered

Percent of People with Each Score

Your Score History

You have not taken this quiz